Normal view
MARC view
Entry Personal Name
001 - CONTROL NUMBER
- control field: 47616
003 - CONTROL NUMBER IDENTIFIER
- control field: dpl
005 - DATE AND TIME OF LATEST TRANSACTION
- control field: 20120521165438.0
008 - FIXED-LENGTH DATA ELEMENTS
- fixed length control field: 120521|||a|||||| | ||| d
040 ## - CATALOGING SOURCE
- Original cataloging agency: dpl
- Transcribing agency: dpl
100 ## - HEADING--PERSONAL NAME
- Personal name: शर्मा, रामशरण
670 ## - SOURCE DATA FOUND
- Source citation: Work cat.: (dpl): शर्मा, रामशरण, भारतीय इतिहास : एक पुनविर्चार/, 2011
670 ## - SOURCE DATA FOUND
- Source citation: Work cat.: (dpl): शर्मा, रामशरण, भारतीय इतिहास : एक पुनविर्चार/, 2011
